Annual cannabis use by country Quiz Stats

Quiz not verified by Sporcle

Also try: Name One Between
Challenge
Share
Tweet
Embed
Score 0/20 Timer 04:00
0 Plays Today
% of pop. using cannabis annually Country % Correct
12.6United States
97%
16.8Canada
81.3%
10.8United Kingdom excluding Scotland and N.Ireland
80.9%
9.8France
71.7%
13.3Australia
66.5%
11.3Spain
61.3%
10.7Jamaica
59.1%
13.4New Zealand
57.8%
9.6Switzerland
24.8%
11.8Morocco
18.3%
% of pop. using cannabis annually Country % Correct
16.1Haiti
16.5%
10.9Czech Republic
16.5%
13.8Nigeria
14.8%
21.5Ghana
11.7%
9.1Guatemala
6.1%
16.1Sierra Leone
5.7%
29.5Papua New Guinea
5.2%
9.1Madagascar
3.9%
17.7Zambia
3%
29.1Micronesia
0.9%

You're not logged in!

Compare scores with friends on all Sporcle quizzes.
Sign Up with Email
OR
Log In

You Might Also Like...

Show Comments

Extras

Top Quizzes Today


Score Distribution

Your Account Isn't Verified!

In order to create a playlist on Sporcle, you need to verify the email address you used during registration. Go to your Sporcle Settings to finish the process.